000 00384cam a22001575a 4500
001 J100882
008 000000s1924 xxk 000 0 eng u
035 _a(Sirsi) u100882
110 _aSurveyors' Institution
_93783
245 0 2 _aA guide to the forestry collection. 1924.
260 _c1924
300 _a31p.
651 4 _aUnited Kingdom
_y
690 _aRural
_96268
942 _n0
999 _c99898
_d99898